00808nam a2200217 a 4500001000500000005001700005008004100022020001800063050001700081100002200098245004500120260003100165300001700196500001000213520014800223650002100371650001900392650004200411999001900453952011800472204020140414132029.0040110s19uu xx 00 eng d a0-671-64963-9 aTRbK24 1988 aPolacco, Patricia aKeeping quilt (The) /cPatricia Polacco. bAladdin Paperbacks,c1988. av. p. ; cm. aTR/PS aA homemade quilt ties together the lives of four generation of an immigrant Jewish family, remaining a symbol of their enduring love and faith. aQuiltsxFiction. aJewsxFiction. aImmigration and immigrationxFiction. c113590d113590 00104050aMUbMUcTRd2004-01-10eLib. Fundg100.00l0oTR K24 1988pM5183r2014-04-14 00:00:00w2014-04-14yBK